LEADER 02582oas 2200985 a 450 001 9910393355203321 005 20251105213014.0 011 $a2031-0234 035 $a(DE-599)ZDB2217482-5 035 $a(OCoLC)60626911 035 $a(CONSER) 2011263023 035 $a(CKB)110978977976724 035 $a(EXLCZ)99110978977976724 100 $a20050614a19709999 uy a 101 0 $aeng 135 $aur||||||||||| 181 $ctxt$2rdacontent 182 $cc$2rdamedia 183 $acr$2rdacarrier 200 00$aViator 210 $aBerkeley, CA $cUniversity of California Press$d1970- 210 3 $aTurnhout, Belgium $cBrepols Publishers 215 $a1 online resource 300 $aRefereed/Peer-reviewed 300 $a"Medieval and Renaissance studies." 311 08$a0083-5897 531 1 $aViator 606 $aCivilization, Medieval$vPeriodicals 606 $aRenaissance$vPeriodicals 606 $aCivilization, Medieval$2fast$3(OCoLC)fst00863049 606 $aRenaissance$2fast$3(OCoLC)fst01094518 606 $aCivilització medieval$vRevistes$2lemac 606 $aRenaixement$vRevistes$2lemac 606 $aEdat mitjana$vRevistes$2lemac 606 $aCivilization, Medieval$vPeriodicals$2nli 606 $aRenaissance$vPeriodicals$2nli 608 $aPeriodicals.$2fast 608 $aPeriodicals.$2lcgft 615 0$aCivilization, Medieval 615 0$aRenaissance 615 7$aCivilization, Medieval. 615 7$aRenaissance. 615 7$aCivilització medieval 615 7$aRenaixement 615 7$aEdat mitjana 615 7$aCivilization, Medieval 615 7$aRenaissance 676 $a914/.03/105 712 02$aUniversity of California, Los Angeles.$bCenter for Medieval and Renaissance Studies, 712 02$aUniversity of California Press, 712 02$aBrepols (Firm), 801 0$bOCLCS 801 1$bOCLCS 801 2$bTXJ 801 2$bOCLCQ 801 2$bCIT 801 2$bOCLCQ 801 2$bDLC 801 2$bTXA 801 2$bOCLCQ 801 2$bOCLCF 801 2$bCOD 801 2$bCOO 801 2$bOCLCO 801 2$bAUD 801 2$bHLS 801 2$bOCLCQ 801 2$bVT2 801 2$bAU@ 801 2$bOCL 801 2$bRDF 801 2$bCUY 801 2$bSFB 801 2$bUMC 801 2$bOCLCO 801 2$bOCLCQ 801 2$bU3W 801 2$bUBY 801 2$bOCLCQ 801 2$bOCLCL 801 2$bOCLCQ 906 $aJOURNAL 912 $a9910393355203321 996 $aVIATOR$9591976 997 $aUNINA LEADER 02276oas 2201045 a 450 001 9910333137803321 005 20251114213013.0 011 $a1096-0023 035 $a(DE-599)ZDB1463198-2 035 $a(DE-599)1463198-2 035 $a(OCoLC)36935608 035 $a(CONSER)sn 97001911 035 $a(CKB)954922650146 035 $a(EXLCZ)99954922650146 100 $a19970520a19899999 sy a 101 0 $aeng 135 $aurcnu|||||||| 181 $ctxt$2rdacontent 182 $cc$2rdamedia 183 $acr$2rdacarrier 200 00$aCytokine 210 $aLondon $cAcademic Press 215 $a1 online resource 300 $aRefereed/Peer-reviewed 311 08$a1043-4666 531 0 $aCytokine 606 $aCytokines$vPeriodicals 606 $aBiological Factors 606 $aCytokines$vPe?riodiques 606 $aProduits biologiques 606 $aCytokines$2fast$3(OCoLC)fst00886268 608 $aPeriodical. 608 $aperiodicals.$2aat 608 $aPeriodicals.$2fast 608 $aPeriodicals.$2lcgft 608 $aPe?riodiques.$2rvmgf 615 0$aCytokines 615 2$aBiological Factors. 615 6$aCytokines 615 6$aProduits biologiques. 615 7$aCytokines. 676 $a616 801 0$bOH1 801 1$bOH1 801 2$bNSD 801 2$bOCL 801 2$bGUA 801 2$bOCL 801 2$bMYG 801 2$bOCLCQ 801 2$bMYG 801 2$bOCLCQ 801 2$bDLC 801 2$bOCLCQ 801 2$bMUQ 801 2$bOCL 801 2$bOCLCS 801 2$bCIT 801 2$bOCLCQ 801 2$bOCLCF 801 2$bOCLCO 801 2$bEUW 801 2$bOCLCQ 801 2$bDGU 801 2$bZ5A 801 2$bOCLCO 801 2$bNLE 801 2$bOCLCA 801 2$bBUF 801 2$bU3W 801 2$bEZC 801 2$bMST 801 2$bWYU 801 2$bUKMGB 801 2$bTKN 801 2$bVT2 801 2$bWAU 801 2$bDLC 801 2$bCUS 801 2$bOCLCO 801 2$bOCLCQ 801 2$bOCLCO 801 2$bOCLCQ 801 2$bUAB 801 2$bOCLCL 801 2$bOCLCQ 906 $aJOURNAL 912 $a9910333137803321 996 $aCytokine$91890859 997 $aUNINA